Cost and Management Accounting I: (Record no. 194128)

MARC details
000 -LEADER
fixed length control field 00717nam a22002057a 4500
005 - DATE AND TIME OF LATEST TRANSACTION
control field 20240103112607.0
010 ## - LCCN (DPL NO)
LC control number ENG-135785
020 ## - INTERNATIONAL STANDARD BOOK NUMBER
International Standard Book Number 9789352836376
Terms of availability 425.00
035 ## - SYSTEM CONTROL NUMBER
System control number EN-119317
037 ## - SOURCE OF ACQUISITION
Source of stock number/acquisition DBAD/PUB
082 ## - DEWEY DECIMAL CLASSIFICATION NUMBER
Classification number 657.42
100 ## - MAIN ENTRY--PERSONAL NAME
Personal name Shukla, M C
245 ## - TITLE STATEMENT
Title Cost and Management Accounting I:
Remainder of title As per B.Com. CBCS Curriculum, University of Calcutta/
Statement of responsibility, etc By M C Shukla, T.S. Grewal and M P Gupta
260 ## - PUBLICATION, DISTRIBUTION, ETC. (IMPRINT)
Place of publication, distribution, etc New Delhi
Name of publisher, distributor, etc S Chand And Company Limited
Date of publication, distribution, etc 2019
270 ## - ADDRESS
Address 7361, Ram Nagar, Qutab Road
City New Delhi
Postal code 110055
Electronic mail address info@schandpublishing.com
300 ## - PHYSICAL DESCRIPTION
Extent vp.
Dimensions 24cm(pbk)
700 ## - ADDED ENTRY--PERSONAL NAME
Personal name Grewal, T S
9 (RLIN) 60566
700 ## - ADDED ENTRY--PERSONAL NAME
Personal name Gupta, M P
9 (RLIN) 60567
942 ## - ADDED ENTRY ELEMENTS (KOHA)
Source of classification or shelving scheme Dewey Decimal Classification
Item type English Books
Call number suffix SHU
Classification part 657.42
Holdings
Withdrawn status Lost status Not for loan Collection code Home library Current library Date acquired Source of acquisition Cost, normal purchase price Full call number Barcode Copy number Cost, replacement price Koha item type
      Non-fiction Ashok Vihar Ashok Vihar 08/12/2022 DBAD/PUB 425.00 657.42 GUP EN-119317 1 425.00 English Books

© Delhi Public Library
Hit Counter
free hit counter